000 00519nam a2200181 i 4500
001 65662
003 ES-MaACL
005 20230906165434.0
007 t|
008 040120s1970 sp ||||1| cat d
100 1 _aFrolov, Vadim.
_952721
245 1 3 _aEl perqué de les coses /
_cVadim Frolov ; traducció y proleg Josep M. Güell.
250 _a[1ª ed.].
260 _aBarcelona :
_bProa,
_c1970.
300 _a206 p. ;
_c17 cm.
700 1 _aGüell, José María.
_960419
852 _aES-MaACL
_jC-44443
_bR.73947
999 _c65662
_d65662